| 000 -LEADER |
| fixed length control field |
01684cam a2200325 a 4500 |
| 001 - CONTROL NUMBER |
| control field |
16353319 |
| 005 - DATE AND TIME OF LATEST TRANSACTION |
| control field |
20170126113527.0 |
| 008 - FIXED-LENGTH DATA ELEMENTS--GENERAL INFORMATION |
| fixed length control field |
100728s2011 mnuaf b s001 0 eng |
| 010 ## - LIBRARY OF CONGRESS CONTROL NUMBER |
| LC control number |
2010032187 |
| 016 7# - NATIONAL BIBLIOGRAPHIC AGENCY CONTROL NUMBER |
| Record control number |
015780963 |
| Source |
Uk |
| 020 ## - INTERNATIONAL STANDARD BOOK NUMBER |
| International Standard Book Number |
9780816673049 (hc : alk. paper) |
| 020 ## - INTERNATIONAL STANDARD BOOK NUMBER |
| International Standard Book Number |
0816673047 (hc : alk. paper) |
| 020 ## - INTERNATIONAL STANDARD BOOK NUMBER |
| International Standard Book Number |
9780816673056 (pbk. : alk. paper) |
| 020 ## - INTERNATIONAL STANDARD BOOK NUMBER |
| International Standard Book Number |
0816673055 (pbk. : alk. paper) |
| 035 ## - SYSTEM CONTROL NUMBER |
| System control number |
(OCoLC)ocn652743765 |
| 050 00 - LIBRARY OF CONGRESS CALL NUMBER |
| Classification number |
NA2500 .P55 2011 |
| 100 1# - MAIN ENTRY--PERSONAL NAME |
| Personal name |
Piotrowski, Andrzej, |
| Titles and words associated with a name |
magister inżynier architekt. |
| 245 10 - TITLE STATEMENT |
| Title |
Architecture of thought / |
| Statement of responsibility, etc. |
Andrzej Piotrowski. |
| 260 ## - PUBLICATION, DISTRIBUTION, ETC. (IMPRINT) |
| Place of publication, distribution, etc. |
Minneapolis : |
| Name of publisher, distributor, etc. |
University of Minnesota Press, |
| Date of publication, distribution, etc. |
c2011. |
| 300 ## - PHYSICAL DESCRIPTION |
| Extent |
xviii, 322 p., [12] p. of plates : |
| Other physical details |
ill. (some col.) ; |
| Dimensions |
27 cm. |
| 504 ## - BIBLIOGRAPHY, ETC. NOTE |
| Bibliography, etc |
Includes bibliographical references and index. |
| 505 0# - FORMATTED CONTENTS NOTE |
| Formatted contents note |
Introduction. The moving target of architecture -- Architecture and medieval modalities of thought -- Colonization and symbolic reality in Mesoamérica -- Structures of tolerance and religious domination -- Technologies of thought in Victorian England -- High modernism according to Le Corbusier -- Closing remarks. The West. |
| 650 #0 - SUBJECT ADDED ENTRY--TOPICAL TERM |
| Topical term or geographic name as entry element |
Architecture |
| General subdivision |
Philosophy. |
| 650 #0 - SUBJECT ADDED ENTRY--TOPICAL TERM |
| Topical term or geographic name as entry element |
Thought and thinking. |
| 942 ## - ADDED ENTRY ELEMENTS (KOHA) |
| Source of classification or shelving scheme |
|
| Koha item type |
Hard Covered Materials |